| 000 | 00383nam a2200157Ia 4500 | ||
|---|---|---|---|
| 008 | 180921t2019 xxu||||| |||| 00| 0 eng d | ||
| 041 | _aeng | ||
| 080 |
_a8-31 _bHET |
||
| 100 | _aHettiarachchi, Kumarasiri | ||
| 245 | _aThe Haunted School | ||
| 260 |
_bAuthor _aKadawatha _c2019 |
||
| 300 | _a21cm, 60p. | ||
| 942 | _cBK | ||
| 999 |
_c10400 _d10400 |
||
| 003 | LK-CoDNM | ||
| 040 |
_aLK-CoDNM _dLK-CoDNM _eLK-CoDNM |
||